000 00284nam a2200145Ia 4500
100 _aLeblond
942 _cBK
654 _aunix
245 _aUsing SCO TM Unix
260 _bOsborne
_aBerkeley
_c1990
082 _a1.6424
_bLEB
300 _a611
546 _aENGLISH
999 _c18746
_d18746